[Event "DEM U12/U12w 2004"]
[Site "Willingen GER"]
[Date "2004.06.05"]
[Round "11"]
[White "Khitov, Roman"]
[Black "Thiele, Eileen"]
[Result "1-0"]
[Termination "normal"]
[Board "49"]
[WhiteElo "957"]
[BlackElo "894"]
[PlyCount "105"]
[EventCountry "GER"]
[EventRounds "11"]
[EventType "swiss"]
[EventDate "2004.05.29"]

1. e4 e5 2. Nf3 Nc6 3. d4 exd4 4. Nxd4 Bc5 5. Be3 Qf6 6. c3 Nge7 7. Qd2 d5 8.
exd5 Nxd5 9. Nc2 Bxe3 10. Nxe3 Nf4 11. Na3 a6 12. g3 Ng6 13. O-O-O Be6 14. f4
Bxa2 15. Qd7+ Kf8 16. Qxc7 Rb8 17. Bc4 Bxc4 18. Nexc4 Nge7 19. Nb6 g6 20. Nd7+
Kg7 21. Nxf6 Kxf6 22. Qd6+ Kf5 23. h3 h5 24. Rhg1 Rhg8 25. g4+ hxg4 26. hxg4+
Ke4 27. Rge1+ Kf3 28. Rd3+ Kxg4 29. Rg1+ Kf5 30. Rg5+ Ke4 31. Rd1 Rbd8 32. Re5+
Kf3 33. Qf6 Rxd1+ 34. Kxd1 Rd8+ 35. Kc2 Nxe5 36. fxe5+ Ke2 37. Qxe7 Rd2+ 38.
Kb3 Kd1 39. Qxf7 Kc1 40. e6 Rxb2+ 41. Kc4 g5 42. e7 Re2 43. e8=Q Rxe8 44. Qxe8
g4 45. Qe1+ Kb2 46. Nb5 axb5+ 47. Kxb5 g3 48. Qxg3 b6 49. Qd3 Ka1 50. Qd2 Kb1
51. Kb4 Ka1 52. Kb3 b5 53. Qb2# 1-0

[Event "DEM U12/U12w 2004"]
[Site "Willingen GER"]
[Date "2004.06.05"]
[Round "11"]
[White "Kroner, Sarah"]
[Black "Oat, Daniela"]
[Result "0-1"]
[Termination "normal"]
[Board "50"]
[WhiteElo "889"]
[BlackElo "943"]
[PlyCount "112"]
[EventCountry "GER"]
[EventRounds "11"]
[EventType "swiss"]
[EventDate "2004.05.29"]

1. e4 c5 2. d4 cxd4 3. c3 dxc3 4. Nxc3 Nc6 5. Nf3 g6 6. Bc4 Bg7 7. O-O Nf6 8.
e5 Ng4 9. Qe2 O-O 10. Ng5 d6 11. e6 f6 12. Nf7 Qc7 13. Qxg4 Nd8 14. Nd5 Bxe6
15. Qxe6 Nxe6 16. Nxc7 Nxc7 17. Nh6+ Kh8 18. Re1 Rae8 19. Re4 d5 20. Rd4 dxc4
21. Rxc4 Rc8 22. Be3 Nd5 23. Rac1 Rxc4 24. Rxc4 Nxe3 25. Rc7 Bxh6 26. fxe3
Bxe3+ 27. Kf1 Bf4 28. Rxb7 Bxh2 29. Rxa7 Be5 30. b4 h5 31. a4 g5 32. Rxe7 Bd6
33. Rb7 Rb8 34. Rxb8+ Bxb8 35. a5 Bc7 36. a6 Bb6 37. Ke2 h4 38. Kf3 Kg7 39. Kg4
Kg6 40. g3 hxg3 41. Kxg3 Kh5 42. Kf3 f5 43. Ke2 g4 44. Kd3 g3 45. Kc4 g2 46.
Kb5 g1=Q 47. Kc6 Qd4 48. b5 Qc5+ 49. Kb7 Qxb5 50. a7 Bxa7+ 51. Kxa7 Kg6 52. Ka8
Kf6 53. Ka7 Ke6 54. Ka8 Kd7 55. Ka7 Kc7 56. Ka8 Qb7# 0-1

[Event "DEM U12/U12w 2004"]
[Site "Willingen GER"]
[Date "2004.06.05"]
[Round "11"]
[White "Rau, Carla"]
[Black "Rummer, Bärbel"]
[Result "0-1"]
[Termination "normal"]
[Board "51"]
[WhiteElo "929"]
[BlackElo "1054"]
[PlyCount "46"]
[BlackFideId "12900109"]
[EventCountry "GER"]
[EventRounds "11"]
[EventType "swiss"]
[EventDate "2004.05.29"]

1. e4 e5 2. Nf3 Nc6 3. d4 exd4 4. Bc4 Bc5 5. c3 dxc3 6. Nxc3 d6 7. O-O Nge7 8.
Bg5 O-O 9. Qd2 Qd7 10. Nd5 Nxd5 11. exd5 Ne7 12. Rfe1 Ng6 13. Nh4 Nxh4 14. Bxh4
Qg4 15. Bg5 Qxc4 16. b4 Qd4 17. Re2 Qxa1+ 18. Re1 Qd4 19. Qe2 Bg4 20. Qd2 Qxd2
21. Bxd2 h6 22. h3 Bf5 23. Re7 Bb6 0-1